[Event "CCT Playoff"]
[Site "Toronto CAN"]
[Date "2023.12.11"]
[Round "6.2"]
[White "Lazavik, Denis"]
[Black "Firouzja, Alireza"]
[Result "1/2-1/2"]
[WhiteElo "2566"]
[BlackElo "2763"]
[PlyCount "68"]
[EventDate "2023.12.09"]
[EventType "tourn"]
[EventRounds "7"]
[EventCountry "CAN"]
[EventCategory "20"]
[Source "ChessMix"]
[SourceDate "2023.12.20"]

1. d4 d5 2. c4 c6 3. Nf3 Nf6 4. Qc2 g6 5. cxd5 cxd5 6. Bf4 Nc6 7. Nc3 Nh5 8.
Bd2 Bg7 9. e3 O-O 10. Be2 Nf6 11. O-O Bf5 12. Qb3 Qb6 13. Qxb6 axb6 14. Rfc1
Rfc8 15. h3 h6 16. g4 Be6 17. Kg2 Ne4 18. Be1 f5 19. Nh4 Kh7 20. f3 Nd6 21. f4
Nc4 22. Kf2 Nxb2 23. gxf5 gxf5 24. Rab1 Nc4 25. Nxd5 Bxd5 26. Bxc4 Bxc4 27.
Rxc4 Rxa2+ 28. Kf1 e6 29. Rxb6 Rc7 30. Nf3 Ra8 31. Rc1 Rd8 32. Rcb1 Rdd7 33.
Ke2 Kg6 34. Bd2 Kf7 1/2-1/2

[Event "CCT Playoff"]
[Site "Toronto CAN"]
[Date "2023.12.11"]
[Round "6.2"]
[White "So, Wesley"]
[Black "Abdusattorov, Nodirbek"]
[Result "1/2-1/2"]
[WhiteElo "2752"]
[BlackElo "2727"]
[PlyCount "85"]
[EventDate "2023.12.09"]
[EventType "tourn"]
[EventRounds "7"]
[EventCountry "CAN"]
[EventCategory "20"]
[Source "ChessMix"]
[SourceDate "2023.12.20"]

1. d4 Nf6 2. c4 e6 3. Nc3 d5 4. Bg5 Be7 5. e3 O-O 6. Nf3 h6 7. Bh4 b6 8. Be2
Bb7 9. Bxf6 Bxf6 10. cxd5 exd5 11. b4 c6 12. O-O Nd7 13. Qb3 b5 14. a4 a6 15.
Bd3 Nb6 16. a5 Nc4 17. e4 Bc8 18. h3 dxe4 19. Nxe4 Be6 20. Qc3 Bd5 21. Rfe1 Re8
22. Nxf6+ Qxf6 23. Bxc4 bxc4 24. Ne5 Qg5 25. f3 Re6 26. Nxc4 Rae8 27. Rxe6 Rxe6
28. Ne5 f6 29. Ng4 h5 30. h4 Qxh4 31. Ne3 Qg5 32. Nxd5 Qxd5 33. Rc1 Qg5 34. Re1
Rxe1+ 35. Qxe1 Kf7 36. Qe2 Qb5 37. Qa2+ Ke7 38. Qg8 Qxb4 39. Qxg7+ Ke6 40. Qg8+
Ke7 41. Qg7+ Ke6 42. Qg8+ Ke7 43. Qg7+ 1/2-1/2

[Event "CCT Playoff"]
[Site "Toronto CAN"]
[Date "2023.12.11"]
[Round "6.2"]
[White "Vachier-Lagrave, Maxime"]
[Black "Carlsen, Magnus"]
[Result "1/2-1/2"]
[WhiteElo "2731"]
[BlackElo "2830"]
[PlyCount "103"]
[EventDate "2023.12.09"]
[EventType "tourn"]
[EventRounds "7"]
[EventCountry "CAN"]
[EventCategory "20"]
[Source "ChessMix"]
[SourceDate "2023.12.20"]

1. e4 e5 2. Nf3 Nc6 3. Bb5 a6 4. Ba4 Nf6 5. O-O Be7 6. Re1 b5 7. Bb3 O-O 8. a4
b4 9. d4 d6 10. dxe5 dxe5 11. Nbd2 Bc5 12. Qe2 Qe7 13. Bc4 Na5 14. b3 Nxc4 15.
Nxc4 Nd7 16. Be3 Bxe3 17. Qxe3 f6 18. c3 Rb8 19. Rac1 Nc5 20. cxb4 Ne6 21. Na5
Bd7 22. Qd3 Rb6 23. Nc4 Rxb4 24. Ne3 Qd6 25. Qxd6 cxd6 26. Red1 Rxb3 27. Rxd6
Rc8 28. Rcd1 Bxa4 29. Ra1 Nc5 30. Rc1 Rbb8 31. Nd5 Kf8 32. Nb6 Rd8 33. Nxa4
Nxa4 34. Rxa6 Nc5 35. Ra7 Nxe4 36. h4 Ra8 37. Rb7 Nd6 38. Rbc7 h5 39. g3 Nf5
40. R7c4 Kf7 41. Kg2 Ra2 42. R1c2 Rda8 43. Rc8 e4 44. Ng1 Rxc2 45. Rxc2 e3 46.
Ne2 exf2 47. Kxf2 Ra3 48. Rc7+ Kg8 49. Rc5 g6 50. Rc8+ Kf7 51. Rc7+ Kg8 52.
Rc8+ 1/2-1/2

[Event "CCT Playoff"]
[Site "Toronto CAN"]
[Date "2023.12.11"]
[Round "6.3"]
[White "Abdusattorov, Nodirbek"]
[Black "So, Wesley"]
[Result "1/2-1/2"]
[WhiteElo "2727"]
[BlackElo "2752"]
[PlyCount "126"]
[EventDate "2023.12.09"]
[EventType "tourn"]
[EventRounds "7"]
[EventCountry "CAN"]
[EventCategory "20"]
[Source "ChessMix"]
[SourceDate "2023.12.20"]

1. d4 d5 2. c4 dxc4 3. Nf3 Nf6 4. e3 e6 5. Bxc4 c5 6. O-O Nc6 7. Nc3 a6 8. Bb3
b5 9. a4 b4 10. Ne2 Bb7 11. Nf4 Na5 12. Bc2 Rc8 13. Ng5 Bd6 14. Nh5 Nxh5 15.
Qxh5 g6 16. Qg4 h5 17. Qh4 Be7 18. f4 cxd4 19. Bd1 d3 20. b3 Bf6 21. Rb1 Rc2
22. Bxc2 dxc2 23. Rb2 Bxb2 24. Bxb2 Nxb3 25. Qf2 Qd1 26. f5 gxf5 27. Qf4 Qd8
28. h4 Rg8 29. Qxb4 Qd5 30. Rf2 c1=R+ 31. Bxc1 Nxc1 32. Rd2 Nd3 33. Qc3 Ke7 34.
Qc7+ Qd7 35. Qxd7+ Kxd7 36. Rxd3+ Bd5 37. Kf2 f6 38. Nf3 Rg4 39. a5 Ra4 40. Nd2
Rxa5 41. g3 Ra2 42. Ke1 a5 43. Nc4 a4 44. Na3 Kc6 45. Rc3+ Kd6 46. Nb5+ Ke5 47.
Nd4 a3 48. Nc2 Ke4 49. Nxa3 Kf3 50. Nc2 Be4 51. Nd4+ Kxg3 52. Nxe6 Kxh4 53. Rc7
Ra1+ 54. Kd2 Ra2+ 55. Kc1 Ra1+ 56. Kb2 Rb1+ 57. Ka3 Re1 58. Kb4 Rxe3 59. Rg7
Rg3 60. Rh7 Kg4 61. Rg7+ Kh4 62. Rh7 Kg4 63. Rg7+ Kh4 1/2-1/2

[Event "CCT Playoff"]
[Site "Toronto CAN"]
[Date "2023.12.11"]
[Round "6.3"]
[White "Lazavik, Denis"]
[Black "Firouzja, Alireza"]
[Result "1/2-1/2"]
[WhiteElo "2566"]
[BlackElo "2763"]
[PlyCount "161"]
[EventDate "2023.12.09"]
[EventType "tourn"]
[EventRounds "7"]
[EventCountry "CAN"]
[EventCategory "20"]
[Source "ChessMix"]
[SourceDate "2023.12.20"]

1. d4 d5 2. c4 e6 3. Nc3 c5 4. cxd5 exd5 5. Nf3 Nc6 6. dxc5 d4 7. Na4 Bxc5 8.
Nxc5 Qa5+ 9. Bd2 Qxc5 10. Rc1 Qb6 11. e3 Nf6 12. exd4 O-O 13. Bc4 Re8+ 14. Be3
Be6 15. b3 Qb4+ 16. Qd2 Ne4 17. Qxb4 Nxb4 18. O-O Nxa2 19. d5 Bd7 20. Ra1 Nac3
21. Rxa7 Rxa7 22. Bxa7 b5 23. Bd3 Nxd5 24. Rc1 Nec3 25. Kf1 b4 26. Bc5 Rc8 27.
Bd4 h6 28. Bc4 Be6 29. Nd2 Nb5 30. Bb2 Nd6 31. Bd3 Nf4 32. Bb1 Rxc1+ 33. Bxc1
Bf5 34. Bxf5 Nxf5 35. Bb2 f6 36. g3 Nd3 37. Ba1 Kf7 38. Ke2 Nc5 39. g4 Nd6 40.
Ke3 Nb5 41. Bd4 Na6 42. Ne4 Nb8 43. Kd3 Nc6 44. Bb2 Na5 45. Nc5 Nc7 46. Bc1 Ne6
47. Nxe6 Kxe6 48. Kc2 Kd5 49. Bd2 Nc6 50. Kd3 Ne5+ 51. Ke2 Nxg4 52. h3 Ne5 53.
Bxb4 g5 54. Bc3 Nd7 55. Ke3 h5 56. Bb4 Ne5 57. Be7 Ke6 58. Bd8 g4 59. hxg4 hxg4
60. Bc7 Nc6 61. Kf4 f5 62. Bb6 Nb4 63. Bd4 Nd3+ 64. Ke3 Nb4 65. Bc5 Nc6 66. b4
Kd5 67. Bf8 Nd4 68. Be7 Ne6 69. Ke2 f4 70. Kf1 Kc4 71. Kg2 Kb5 72. Bd6 Kc6 73.
Be7 Kb5 74. Kf1 Kc4 75. Ke2 Nd4+ 76. Kf1 g3 77. fxg3 fxg3 78. Kg2 Nc6 79. Bd6
Nxb4 80. Bxb4 Kxb4 81. Kxg3 1/2-1/2

[Event "CCT Playoff"]
[Site "Toronto CAN"]
[Date "2023.12.12"]
[Round "7.1"]
[White "Abdusattorov, Nodirbek"]
[Black "Vachier-Lagrave, Maxime"]
[Result "1/2-1/2"]
[WhiteElo "2727"]
[BlackElo "2731"]
[PlyCount "154"]
[EventDate "2023.12.09"]
[EventType "tourn"]
[EventRounds "7"]
[EventCountry "CAN"]
[EventCategory "20"]
[Source "ChessMix"]
[SourceDate "2023.12.20"]

1. d4 Nf6 2. c4 g6 3. Nc3 d5 4. cxd5 Nxd5 5. e4 Nxc3 6. bxc3 Bg7 7. Bc4 c5 8.
Ne2 O-O 9. O-O Nc6 10. Be3 b6 11. h4 e6 12. h5 Qh4 13. Qc1 cxd4 14. cxd4 Bb7
15. h6 Bh8 16. f3 Qe7 17. Qd2 Rfd8 18. Rfd1 Qb4 19. Qxb4 Nxb4 20. Rac1 Rac8 21.
Bg5 Rd7 22. a3 Rdc7 23. Bxe6 Rxc1 24. Bxc1 fxe6 25. axb4 Bf6 26. Be3 Ba6 27.
Nf4 Rc3 28. Bf2 Bc4 29. d5 Bb3 30. Rb1 Ba2 31. Ra1 Rc2 32. Rd1 Bb3 33. Rb1 Ba2
34. Rd1 Bb3 35. Rd3 Bc4 36. Ra3 Be5 37. g3 Bxf4 38. gxf4 Ra2 39. Rxa2 Bxa2 40.
d6 Kf7 41. Kg2 Bc4 42. Kg3 Bb5 43. Kg4 Bd7 44. Be1 Bc6 45. Kg5 Bd7 46. Bc3 Bc8
47. Bf6 a5 48. bxa5 bxa5 49. Bb2 a4 50. Ba3 Bd7 51. Bc5 Bc8 52. Kg4 Bd7 53. Kg3
Bb5 54. Kf2 Ke8 55. Ke3 Kd7 56. Ba3 Bc4 57. Kd2 Bf1 58. Ke3 Bc4 59. Bb4 Bb5 60.
Bc5 Bc4 61. Ba3 Bb5 62. Kf2 Ke8 63. Ke1 Kd7 64. Kd2 Bc4 65. Bc5 Bb5 66. Ke3 Bc4
67. Kd4 Be2 68. Ke3 Bc4 69. Bb4 Bb5 70. Kd4 Be2 71. f5 gxf5 72. exf5 exf5 73.
f4 Ke6 74. Kc5 Bf3 75. Ba3 Be4 76. Kd4 Bc6 77. Bb4 Be8 1/2-1/2

[Event "CCT Playoff"]
[Site "Toronto CAN"]
[Date "2023.12.12"]
[Round "7.1"]
[White "Carlsen, Magnus"]
[Black "Firouzja, Alireza"]
[Result "0-1"]
[WhiteElo "2830"]
[BlackElo "2763"]
[PlyCount "72"]
[EventDate "2023.12.09"]
[EventType "tourn"]
[EventRounds "7"]
[EventCountry "CAN"]
[EventCategory "20"]
[Source "ChessMix"]
[SourceDate "2023.12.20"]

1. d4 d5 2. c4 c6 3. e3 Nf6 4. Nc3 e6 5. Nf3 Nbd7 6. Qc2 Bd6 7. Bd2 O-O 8.
O-O-O a6 9. e4 e5 10. dxe5 Nxe5 11. cxd5 cxd5 12. Bg5 Be6 13. exd5 Bd7 14. Kb1
Rc8 15. Bd3 h6 16. Bh4 Nxf3 17. gxf3 Be5 18. Rhe1 Bxc3 19. bxc3 g5 20. Bg3 Qa5
21. c4 Nxd5 22. Bh7+ Kh8 23. Be5+ f6 24. Be4 Ba4 25. Qd2 Qb6+ 26. Bb2 Nf4 27.
Qd6 Qxd6 28. Rxd6 Kg7 29. Bxb7 Rxc4 30. Re7+ Kg8 31. Bxa6 Rc2 32. Bd3 Nxd3 33.
Rxd3 Rb8 34. Rb3 Bxb3 35. axb3 Rxf2 36. Bxf6 Rxb3+ 0-1

[Event "CCT Playoff"]
[Site "Toronto CAN"]
[Date "2023.12.12"]
[Round "7.1"]
[White "Caruana, Fabiano"]
[Black "So, Wesley"]
[Result "1/2-1/2"]
[WhiteElo "2794"]
[BlackElo "2752"]
[PlyCount "46"]
[EventDate "2023.12.09"]
[EventType "tourn"]
[EventRounds "7"]
[EventCountry "CAN"]
[EventCategory "20"]
[Source "ChessMix"]
[SourceDate "2023.12.20"]

1. e4 e5 2. Nf3 Nc6 3. Bb5 Nf6 4. O-O Nxe4 5. Re1 Nd6 6. Nxe5 Be7 7. Bf1 Nxe5
8. Rxe5 O-O 9. d4 Bf6 10. Re1 Re8 11. Bf4 Rxe1 12. Qxe1 Ne8 13. c3 d5 14. Bd3
g6 15. Nd2 Ng7 16. Qe2 c6 17. Re1 Bf5 18. Bxf5 Nxf5 19. Nf3 Ng7 20. Bh6 Nf5 21.
Bf4 Ng7 22. Bh6 Nf5 23. Bf4 Ng7 1/2-1/2

[Event "CCT Playoff"]
[Site "Toronto CAN"]
[Date "2023.12.12"]
[Round "7.1"]
[White "Nakamura, Hikaru"]
[Black "Lazavik, Denis"]
[Result "1-0"]
[WhiteElo "2788"]
[BlackElo "2566"]
[PlyCount "115"]
[EventDate "2023.12.09"]
[EventType "tourn"]
[EventRounds "7"]
[EventCountry "CAN"]
[EventCategory "20"]
[Source "ChessMix"]
[SourceDate "2023.12.20"]

1. e4 e5 2. Bc4 Nf6 3. d3 Nc6 4. Nc3 Bb4 5. Nge2 d5 6. exd5 Nxd5 7. O-O Be6 8.
a3 Be7 9. Bxd5 Bxd5 10. f4 f6 11. Ng3 Be6 12. fxe5 Qd4+ 13. Kh1 Nxe5 14. Qe1
O-O 15. Bf4 Rae8 16. Nge4 c6 17. Qg3 Ng6 18. Be3 Qd8 19. Bc5 f5 20. Bxe7 Qxe7
21. Nd2 f4 22. Qf2 Ne5 23. Nf3 Ng4 24. Qxa7 Ne3 25. Rf2 g5 26. Ne4 g4 27. Nfg5
Bd5 28. c4 Bxe4 29. Nxe4 g3 30. Rxf4 Rxf4 31. Qxe3 Ref8 32. hxg3 Rf1+ 33. Rxf1
Rxf1+ 34. Kh2 Qe5 35. Qe2 Rf5 36. Kg1 Qd4+ 37. Kh1 Qe5 38. g4 Rf7 39. g5 Kg7
40. Kg1 Qd4+ 41. Kh1 Qe5 42. g3 Re7 43. Qf2 Rf7 44. Qe2 Re7 45. Qd2 Rd7 46. Qh2
Qf5 47. Qe2 Re7 48. Qc2 Qf3+ 49. Kh2 Qf5 50. Qc3+ Qe5 51. Qxe5+ Rxe5 52. Kg2
Rf5 53. Nd6 Rxg5 54. Nxb7 Kf6 55. a4 Rg7 56. Nc5 Ke5 57. a5 Kd4 58. Ne6+ 1-0

[Event "CCT Playoff"]
[Site "Toronto CAN"]
[Date "2023.12.12"]
[Round "7.2"]
[White "Firouzja, Alireza"]
[Black "Carlsen, Magnus"]
[Result "0-1"]
[WhiteElo "2763"]
[BlackElo "2830"]
[PlyCount "186"]
[EventDate "2023.12.09"]
[EventType "tourn"]
[EventRounds "7"]
[EventCountry "CAN"]
[EventCategory "20"]
[Source "ChessMix"]
[SourceDate "2023.12.20"]

1. e4 c5 2. Nf3 d6 3. Bb5+ Nd7 4. d4 cxd4 5. Qxd4 a6 6. Bxd7+ Qxd7 7. Nc3 e5 8.
Qd3 Qc6 9. O-O Be6 10. Rd1 Rc8 11. a4 Nf6 12. Bg5 Nd7 13. Nd2 h6 14. Be3 Nf6
15. f3 d5 16. exd5 Nxd5 17. Nxd5 Qxd5 18. Ne4 Qxd3 19. cxd3 f5 20. Nc3 Kf7 21.
d4 exd4 22. Bxd4 Bb4 23. Bb6 Rc6 24. a5 Rhc8 25. Kf2 Rc4 26. Rd3 Bc5+ 27. Bxc5
R8xc5 28. Rd2 Rb4 29. Re2 Bd7 30. Rd2 Bc6 31. Ra3 g5 32. Na2 Rbc4 33. Nc3 h5
34. Ra1 h4 35. g3 h3 36. Ra3 Kf6 37. Rd6+ Ke5 38. Rd2 Rd4 39. Rxd4 Kxd4 40.
Ne2+ Kc4 41. g4 fxg4 42. fxg4 Kb4 43. Nd4 Bg2 44. Ke3 Re5+ 45. Kd2 Rxa5 46.
Nc2+ Kb5 47. Nd4+ Kb6 48. Re3 Ra1 49. Nf3 Rh1 50. Nxg5 Rxh2 51. Re6+ Kb5 52.
Ke3 Bc6 53. Rh6 Rxb2 54. Nxh3 a5 55. Rh5+ Kb4 56. Nf4 Rb3+ 57. Nd3+ Ka4 58. Kd4
b6 59. g5 Bb5 60. Ne5 Rb4+ 61. Kd5 Be2 62. Rh2 Bd1 63. g6 Bb3+ 64. Kc6 Re4 65.
Nd7 Re6+ 66. Kc7 Rxg6 67. Nxb6+ Ka3 68. Rh4 a4 69. Kb7 Bd1 70. Kc7 Bg4 71. Rh8
Kb3 72. Nxa4 Kxa4 73. Rb8 Be2 74. Rb6 Rg1 75. Kd6 Bb5 76. Ke5 Kb4 77. Rb8 Kc5
78. Rd8 Bc6 79. Kf4 Rf1+ 80. Ke5 Re1+ 81. Kf5 Bd5 82. Kg5 Kd4 83. Rb8 Ke5 84.
Rb5 Rg1+ 85. Kh5 Ke4 86. Ra5 Bf7+ 87. Kh6 Kf4 88. Rb5 Be6 89. Kh5 Bf5 90. Rb4+
Be4 91. Kh6 Rg6+ 92. Kh5 Ra6 93. Rc4 Ra7 0-1

[Event "CCT Playoff"]
[Site "Toronto CAN"]
[Date "2023.12.12"]
[Round "7.2"]
[White "Lazavik, Denis"]
[Black "Nakamura, Hikaru"]
[Result "0-1"]
[WhiteElo "2566"]
[BlackElo "2788"]
[PlyCount "114"]
[EventDate "2023.12.09"]
[EventType "tourn"]
[EventRounds "7"]
[EventCountry "CAN"]
[EventCategory "20"]
[Source "ChessMix"]
[SourceDate "2023.12.20"]

1. d4 Nf6 2. c4 e6 3. Nc3 Bb4 4. e3 O-O 5. Bd3 c5 6. Nge2 d5 7. cxd5 cxd4 8.
exd4 Nxd5 9. O-O Nc6 10. Bc2 Bd6 11. Nxd5 exd5 12. Bf4 Bg4 13. f3 Bh5 14. Bxd6
Qxd6 15. Qd2 Bg6 16. Bb3 f6 17. Rac1 Bf7 18. Ba4 Ne7 19. Nc3 a6 20. Rfe1 Nc8
21. Bc2 Nb6 22. b3 Rfe8 23. Ne2 Nd7 24. Ng3 g6 25. Nf1 Rxe1 26. Rxe1 Re8 27.
Rxe8+ Bxe8 28. Ne3 Bf7 29. Qc3 Kg7 30. a4 Nb8 31. Bd3 Nc6 32. Nc2 Be8 33. g3
Bd7 34. Kf2 Kf7 35. a5 Ke7 36. b4 Nd8 37. Qd2 Kf7 38. h4 Kg7 39. Qc3 Ba4 40.
Ne3 Nc6 41. Bc2 Bb5 42. Bb1 Qxb4 43. Qxb4 Nxb4 44. Nc2 Nc6 45. Ba2 Bc4 46. Bxc4
dxc4 47. Ke3 Nxa5 48. d5 Nb3 49. Ke4 Kf7 50. f4 b5 51. f5 gxf5+ 52. Kxf5 a5 53.
d6 c3 54. Ke4 Ke6 55. Kd3 b4 56. Kc4 Nd2+ 57. Kb5 Kxd6 0-1

[Event "CCT Playoff"]
[Site "Toronto CAN"]
[Date "2023.12.12"]
[Round "7.2"]
[White "So, Wesley"]
[Black "Caruana, Fabiano"]
[Result "1/2-1/2"]
[WhiteElo "2752"]
[BlackElo "2794"]
[PlyCount "61"]
[EventDate "2023.12.09"]
[EventType "tourn"]
[EventRounds "7"]
[EventCountry "CAN"]
[EventCategory "20"]
[Source "ChessMix"]
[SourceDate "2023.12.20"]

1. d4 Nf6 2. c4 e6 3. Nc3 Bb4 4. Qc2 O-O 5. e4 d5 6. e5 Ne4 7. Nf3 c5 8. Bd3
cxd4 9. Nxd4 Nd7 10. Bf4 Qh4 11. g3 Qh5 12. O-O g5 13. cxd5 Nxc3 14. dxe6 gxf4
15. exd7 Bxd7 16. bxc3 fxg3 17. hxg3 Rac8 18. Bf5 Bxc3 19. Bxd7 Bxa1 20. Bxc8
Bxd4 21. Bxb7 Qxe5 22. Kg2 Rb8 23. Rb1 Kg7 24. Qe4 Qxe4+ 25. Bxe4 Rxb1 26. Bxb1
Bb6 27. Bc2 h6 28. Bb3 Bc5 29. Bc4 Bb6 30. Bb3 Bc5 31. Bc4 1/2-1/2

[Event "CCT Playoff"]
[Site "Toronto CAN"]
[Date "2023.12.12"]
[Round "7.2"]
[White "Vachier-Lagrave, Maxime"]
[Black "Abdusattorov, Nodirbek"]
[Result "1/2-1/2"]
[WhiteElo "2731"]
[BlackElo "2727"]
[PlyCount "87"]
[EventDate "2023.12.09"]
[EventType "tourn"]
[EventRounds "7"]
[EventCountry "CAN"]
[EventCategory "20"]
[Source "ChessMix"]
[SourceDate "2023.12.20"]

1. e4 e5 2. Nf3 Nc6 3. Bb5 a6 4. Ba4 Nf6 5. O-O d6 6. Bxc6+ bxc6 7. d4 exd4 8.
Nxd4 c5 9. Nc6 Qd7 10. Na5 Be7 11. Nc3 O-O 12. Re1 Re8 13. Bf4 Rb8 14. b3 Rb4
15. Nc4 Qc6 16. e5 dxe5 17. Nxe5 Qa8 18. Nd3 Rd4 19. Be5 Rdd8 20. Bxc7 Rd7 21.
Be5 Bb7 22. f3 c4 23. bxc4 Bc5+ 24. Nxc5 Rxd1 25. Raxd1 Qc8 26. Nxb7 Qxb7 27.
Nd5 Nd7 28. Bd4 Rxe1+ 29. Rxe1 h6 30. h3 Nb8 31. Ne7+ Kh7 32. c5 Nc6 33. Nxc6
Qxc6 34. c3 f6 35. Rb1 Qa4 36. Rb2 a5 37. Kh2 Kg6 38. Kg3 Qc4 39. Kf2 h5 40. h4
Qd3 41. Kg3 Qc4 42. Kf2 Qd3 43. Kg3 Qc4 44. Kf2 1/2-1/2

[Event "CCT Playoff"]
[Site "Toronto CAN"]
[Date "2023.12.12"]
[Round "7.3"]
[White "Carlsen, Magnus"]
[Black "Firouzja, Alireza"]
[Result "1-0"]
[WhiteElo "2830"]
[BlackElo "2763"]
[PlyCount "102"]
[EventDate "2023.12.09"]
[EventType "tourn"]
[EventRounds "7"]
[EventCountry "CAN"]
[EventCategory "20"]
[Source "ChessMix"]
[SourceDate "2023.12.20"]

1. d4 d5 2. c4 c6 3. e3 Nf6 4. Nc3 Bf5 5. f3 h6 6. g4 Bh7 7. Bd3 Bxd3 8. Qxd3
e6 9. Nge2 Nbd7 10. cxd5 cxd5 11. Bd2 a6 12. h4 b5 13. Kf2 Bd6 14. g5 Nh5 15.
e4 dxe4 16. Nxe4 Be7 17. a4 Ne5 18. Qb3 Nc4 19. Bb4 f5 20. Bxe7 Qxe7 21. Nc5
O-O 22. axb5 axb5 23. Rxa8 Rxa8 24. Qxb5 Nd6 25. Qb3 Re8 26. Rg1 Kh7 27. Nd3 g6
28. Nef4 Nxf4 29. Nxf4 hxg5 30. hxg5 Nf7 31. Qe3 Nxg5 32. Qe5 Nf7 33. Rh1+ Kg8
34. Qb5 Kg7 35. Qc6 g5 36. Nd3 Rd8 37. Qc3 Qf6 38. Nc5 Kg6 39. Rd1 e5 40. dxe5
Qh8 41. Rxd8 Qh2+ 42. Ke3 Nxd8 43. Kd4 g4 44. fxg4 Qf2+ 45. Kd5 fxg4 46. e6
Qf5+ 47. Kd6 Qf3 48. Qxf3 gxf3 49. Nd3 Kf6 50. e7 Nf7+ 51. Kd7 f2 1-0

[Event "CCT Playoff"]
[Site "Toronto CAN"]
[Date "2023.12.12"]
[Round "7.3"]
[White "Caruana, Fabiano"]
[Black "So, Wesley"]
[Result "1-0"]
[WhiteElo "2794"]
[BlackElo "2752"]
[PlyCount "89"]
[EventDate "2023.12.09"]
[EventType "tourn"]
[EventRounds "7"]
[EventCountry "CAN"]
[EventCategory "20"]
[Source "ChessMix"]
[SourceDate "2023.12.20"]

1. c4 c5 2. Nf3 Nf6 3. Nc3 e6 4. d4 cxd4 5. Nxd4 d5 6. Bg5 Be7 7. e3 O-O 8. Rc1
h6 9. Bxf6 Bxf6 10. cxd5 exd5 11. Bb5 a6 12. Ba4 Be6 13. Nxe6 fxe6 14. O-O Nc6
15. Bxc6 bxc6 16. Na4 Rc8 17. b3 Be7 18. Qg4 Rf6 19. Nc5 Bxc5 20. Rxc5 e5 21.
Rfc1 Rd6 22. h3 e4 23. Qe2 Qb6 24. Qd2 Rf8 25. Qc3 Rff6 26. Rc2 h5 27. Qe5 g6
28. Qe8+ Kg7 29. Qe7+ Kh6 30. Qe8 Rd8 31. Qe5 Rdd6 32. Qd4 Qd8 33. b4 g5 34. a4
g4 35. hxg4 hxg4 36. Qe5 Rfe6 37. Qh2+ Kg7 38. b5 axb5 39. axb5 Qf6 40. bxc6
Rxc6 41. Qb8 Rxc5 42. Rxc5 Rb6 43. Qc7+ Kg6 44. Rc1 Rb2 45. Rc6 1-0

[Event "CCT Playoff"]
[Site "Toronto CAN"]
[Date "2023.12.12"]
[Round "7.3"]
[White "Vachier-Lagrave, Maxime"]
[Black "Abdusattorov, Nodirbek"]
[Result "0-1"]
[WhiteElo "2731"]
[BlackElo "2727"]
[PlyCount "56"]
[EventDate "2023.12.09"]
[EventType "tourn"]
[EventRounds "7"]
[EventCountry "CAN"]
[EventCategory "20"]
[Source "ChessMix"]
[SourceDate "2023.12.20"]

1. e4 e5 2. Nf3 Nc6 3. Bb5 a6 4. Ba4 Nf6 5. O-O Be7 6. Re1 b5 7. Bb3 d6 8. c3
O-O 9. h3 Nb8 10. d4 Nbd7 11. c4 Bb7 12. Nc3 b4 13. Nd5 a5 14. a3 c6 15. Nxe7+
Qxe7 16. axb4 axb4 17. Rxa8 Rxa8 18. c5 dxc5 19. dxe5 Nxe5 20. Nxe5 Qxe5 21.
Qc2 Ba6 22. f4 Qe7 23. Kh2 Rd8 24. e5 Ng4+ 25. Kg3 Rd3+ 26. Kxg4 h5+ 27. Kxh5
g6+ 28. Kg4 Bc8+ 0-1

[Event "CCT Survival Winner"]
[Site "Toronto CAN"]
[Date "2023.12.12"]
[Round "1.2"]
[White "Abdusattorov, Nodirbek"]
[Black "Caruana, Fabiano"]
[Result "1-0"]
[WhiteElo "2727"]
[BlackElo "2794"]
[PlyCount "101"]
[EventDate "2023.12.12"]
[EventType "match"]
[EventRounds "2"]
[EventCountry "CAN"]
[Source "ChessMix"]
[SourceDate "2023.12.20"]

1. d4 Nf6 2. c4 e6 3. Nc3 Bb4 4. e3 c5 5. Bd3 d5 6. cxd5 Nxd5 7. Nge2 cxd4 8.
exd4 O-O 9. O-O Re8 10. Bc2 Nc6 11. Qd3 g6 12. Rd1 Bf8 13. Qg3 Nxc3 14. bxc3
Bg7 15. h4 Qa5 16. Bg5 Ne7 17. h5 Nf5 18. Bxf5 Qxf5 19. h6 Bf8 20. Qh4 Qd5 21.
Nf4 Qa5 22. Nd3 Bd7 23. Ne5 Ba4 24. Rd3 Bc2 25. Rf3 f5 26. Bf6 Qc7 27. Rg3 Bd6
28. Re1 Rf8 29. f4 Bxe5 30. Bxe5 Qf7 31. c4 Be4 32. Ree3 Rac8 33. c5 b6 34. Rc3
Rfe8 35. a4 bxc5 36. dxc5 Qe7 37. Bf6 Qd7 38. Kh2 Kf7 39. Rc4 Bd5 40. Rc1 Be4
41. a5 Rc6 42. Rb3 Rcc8 43. Be5 Qd8 44. Qf2 Re7 45. a6 Rd7 46. Rb2 Qf8 47. Rc3
Qd8 48. c6 Rxc6 49. Rxc6 Bxc6 50. Rb8 Qa5 51. Qh4 1-0

[Event "Calgary int."]
[Site "Calgary CAN"]
[Date "2023.12.26"]
[Round "1"]
[White "Gomez Garrido, Camillo Ernesto"]
[Black "Findlay, Ian"]
[Result "1-0"]
[WhiteElo "2481"]
[BlackElo "2126"]
[PlyCount "59"]
[EventDate "2023.12.26"]
[EventType "swiss"]
[EventRounds "9"]
[EventCountry "CAN"]

1. e4 c5 2. Nf3 d6 3. c3 Nf6 4. h3 g6 5. Bd3 Bg7 6. Bc2 Nc6 7. d4 cxd4 8. cxd4
O-O 9. O-O Nb4 10. Bb3 Bd7 11. Nc3 Rc8 12. Re1 Nc6 13. Bg5 h6 14. Bh4 Nh5 15.
e5 dxe5 16. dxe5 Be6 17. Nd5 Bxd5 18. Bxd5 g5 19. Bxg5 hxg5 20. Nxg5 Nf6 21.
exf6 exf6 22. Ne4 f5 23. Nd6 Nd4 24. Nxc8 Qxc8 25. Rc1 Qd7 26. Bc4 b5 27. Bf1
Rd8 28. Qh5 Kf8 29. Rc5 f4 30. Bxb5 1-0

[Event "Calgary int."]
[Site "Calgary CAN"]
[Date "2023.12.26"]
[Round "1"]
[White "Malek, Omid"]
[Black "Doknjas, Neil"]
[Result "0-1"]
[WhiteElo "2032"]
[BlackElo "2255"]
[PlyCount "64"]
[EventDate "2023.12.26"]
[EventType "swiss"]
[EventRounds "9"]
[EventCountry "CAN"]

1. d4 d5 2. Nc3 Nf6 3. Bf4 c5 4. e4 Nxe4 5. Nxe4 dxe4 6. dxc5 Nd7 7. Qd4 e5 8.
Qxe4 Bxc5 9. Be3 Qa5+ 10. c3 Qb6 11. O-O-O Bxe3+ 12. fxe3 O-O 13. Nf3 Nc5 14.
Qh4 Bf5 15. Bc4 Ne4 16. Qe1 Rac8 17. Nxe5 Qc7 18. Bxf7+ Rxf7 19. Nxf7 Qxf7 20.
Rf1 Qe6 21. Qh4 g5 22. Qe1 Bg6 23. g4 Qxa2 24. Rf5 Bxf5 25. gxf5 Qa1+ 26. Kc2
Qa5 27. f6 Qf5 28. f7+ Kf8 29. Kc1 Nc5 30. e4 Qxe4 31. Qxe4 Nxe4 32. Rd7 Nc5
0-1

[Event "Calgary int."]
[Site "Calgary CAN"]
[Date "2023.12.26"]
[Round "1"]
[White "Nunez Asencio, Jorge"]
[Black "Tolentino, Patrick Angelo"]
[Result "1-0"]
[WhiteElo "2266"]
[BlackElo "2102"]
[PlyCount "83"]
[EventDate "2023.12.26"]
[EventType "swiss"]
[EventRounds "9"]
[EventCountry "CAN"]

1. d4 Nf6 2. c4 e6 3. Nc3 Bb4 4. e3 O-O 5. Nf3 d5 6. Bd2 b6 7. Bd3 dxc4 8. Bxc4
Bb7 9. O-O Nbd7 10. Rc1 Be7 11. Qe2 c5 12. Bd3 Rc8 13. Rfd1 Re8 14. Bb1 Bf8 15.
e4 cxd4 16. Nxd4 Qc7 17. Bg5 Qb8 18. Bh4 a6 19. Bg3 Qa8 20. e5 Nd5 21. Ne4 Rxc1
22. Rxc1 Rc8 23. Rd1 Be7 24. Qg4 Nf8 25. h4 f5 26. exf6 Nxf6 27. Nxf6+ Bxf6 28.
Bd6 Rc4 29. Bxf8 Rxd4 30. Rxd4 Bxd4 31. Qxd4 Qxf8 32. Qxb6 Qc8 33. Qe3 Qc6 34.
f3 Qd6 35. Bd3 Bd5 36. b3 a5 37. h5 Qa3 38. Be4 Bxe4 39. Qxe4 Qxa2 40. Qxe6+
Kf8 41. Qf5+ Kg8 42. Qd5+ 1-0

[Event "Calgary int."]
[Site "Calgary CAN"]
[Date "2023.12.26"]
[Round "1"]
[White "Sanchez Acevedo, Lensy Manuel"]
[Black "Khodjimatov, Sherzod"]
[Result "0-1"]
[WhiteElo "1696"]
[BlackElo "2131"]
[PlyCount "60"]
[EventDate "2023.12.26"]
[EventType "swiss"]
[EventRounds "9"]
[EventCountry "CAN"]

1. c4 e5 2. Nc3 Bb4 3. g3 Bxc3 4. dxc3 Nc6 5. Bg2 Nge7 6. Nf3 d6 7. Bd2 Bd7 8.
O-O Qc8 9. Re1 O-O 10. b4 Be6 11. c5 dxc5 12. b5 Na5 13. Nxe5 a6 14. bxa6 Rxa6
15. Nd3 b6 16. Nf4 Bc4 17. Qc2 Rd8 18. Bh3 Qa8 19. Bg2 Nac6 20. a4 b5 21. Be3
Rxa4 22. Rxa4 bxa4 23. Bxc5 Qa5 24. Bxe7 Nxe7 25. Qe4 Qxc3 26. Rb1 Ng6 27. Nxg6
hxg6 28. Qf4 Qc2 29. Rb4 Qd1+ 30. Bf1 Bxe2 0-1